000 00967nam a22003137a 4500
003 CHAP
005 20220329135402.0
008 971013s1980 r 00010 d
010 _a35443
011 _a36415
035 _a40534
040 _cCHAP
082 _a540
_bP35
100 0 0 _aPagán I., Orlando.
_984722
245 _aQuímica general
260 _aSanto Domingo :
_bInstituto Tecnológico de Santo Domingo,
_c1980
300 _a2 v.
590 _aBATCH-UPD
_b10
_c20130110
_lUCH01
_h1510
590 _aBATCH-UPD
_b10
_c20130410
_lUCH01
_h0927
590 _aBATCH-UPD
_b10
_c20130914
_lUCH01
_h1712
590 _aCONVERSION
_b10
_c20130109
_lUCH01
_h1320
650 1 4 _aQuímica.
_993552
650 1 4 _aQuímica
_xManuales.
_993566
700 0 _aLagara, Miguel.
_964390
901 _aBK
942 _cLIBRO
949 _a540 P35
_bBC
_cLIBRO
_d-92594
_eLIBRO
_fv.1
_h49576
_i40534
_mD
_si
949 _a540 P35
_bBC
_cLIBRO
_d33724000438545
_eLIBRO
_fv.2
_h67523
_i40534
_si
999 _c35443
_d35443